000 00703nam a2200181 a 4500
001 000039864
005 20201002033758.0
008 130725s1988 sp 000 0 spa d
020 _a8400067681
040 _aDO-SdBNP
_bspa
_cBNPHU
082 _axxx
100 1 _aBarcala Muñoz, Andrés
_966066
245 1 3 _aEl cristiano antiguo :
_bReplica de J. A. de Sanvenerio a Justino Febronio sobre las doctrinas del poder /
_cAndrés Barcala Muñoz.
260 _aMadrid :
_bConsejo Superior de Investigaciones Científicas,
_bCentro de Estuios Historicos,
_c1988.
300 _a310 p. ;
_c25 cm.
490 1 _aBibliotheca theologica hispana
_aSerie 2
830 0 _aBibliotheca theologica hispana
_pSerie 2
_966067
999 _c39354
_d39354